| 000 | 01788nam a2200241Ia 4500 | ||
|---|---|---|---|
| 008 | 260220t1988||||xx |||||||||||||| ||spa|| | ||
| 040 |
_aPY-SlUNAC _bspa _erda |
||
| 041 | _aspa | ||
| 082 |
_a515 _bP94p |
||
| 245 | 0 | _aProblemas y ejercicios de análisis matemático | |
| 250 | _aNovena edición | ||
| 264 |
_aMoscú : _bMir, _c℗1988. |
||
| 300 | _a1 volumen | ||
| 520 | _aEl libro "Problemas y ejercicios de análisis matemático", publicado en Moscú por Mir en 1988, es una recopilación exhaustiva de problemas diseñados para complementar la enseñanza del análisis matemático. A través de una amplia variedad de ejercicios, el texto aborda conceptos fundamentales como límites, continuidad, derivadas, integrales y series, ofreciendo tanto problemas teóricos como aplicaciones prácticas. La obra se estrutura en secciones que permiten al lector progresar desde problemas básicos hasta aquellos de mayor complejidad, fomentando así un entendimiento profundo de las técnicas y métodos del análisis. Además, incluye soluciones detalladas que facilitan la autoevaluación y el aprendizaje autónomo. Este recurso es especialmente valioso para estudiantes de matemáticas, física e ingeniería, ya que estimula el razonamiento crítico y la capacidad de resolución de problemas. En conjunto, el libro representa una herramienta indispensable para la formación académica en análisis matemático, complementando los enfoques teóricos con ejercicios prácticos que refuerzan el aprendizaje. | ||
| 653 | _aAnálisis matemático | ||
| 653 | _aEjercicios académicos | ||
| 653 | _aMatemáticas | ||
| 942 |
_b2026/02/17 _cBK |
||
| 999 |
_c7535 _d7535 |
||